Statistiken für Himmelsrichtungen in 3 Sprachen

Klicken Sie hier um das Quiz zu spielen!

Allgemein

  • Dieses Quiz wurde 172 mal gespielt
  • Das Durchschnittsergebnis liegt bei 9 aus 12

Antwortstatistiken

ZahlDeutsch% Korrekt
NNorden
99%
Nnorth
98%
OOsten
98%
SSüden
98%
Wwest
98%
WWesten
98%
Oeast
97%
Ssouth
97%
Oeste
40%
Nnorte
39%
Woeste
36%
Ssur
31%

Verteilung der Resultate

Perzentil nach korrekt beantworteten Fragen

Anzahl Personen mit jedem Resultat

Ihre Resultats-Entwicklung

Sie haben dieses Quiz noch nicht gespielt